Normal view
MARC view
- Ashton, J. E
Entry Personal Name
001 - CONTROL NUMBER
- control field: 42847
003 - CONTROL NUMBER IDENTIFIER
- control field: NUST
005 - DATE AND TIME OF LATEST TRANSACTION
- control field: 20210314132433.0
008 - FIXED-LENGTH DATA ELEMENTS
- fixed length control field: 210314|| aca||aabn | a|a d
040 ## - CATALOGING SOURCE
- Original cataloging agency: NUST
- Transcribing agency: NUST
100 ## - HEADING--PERSONAL NAME
- Personal name: Ashton, J. E
670 ## - SOURCE DATA FOUND
- Source citation: Work cat.: (NUST): Whitney, James Martin, 42846, Structural analysis of laminated anisotropic plates /, c1987.
